[Event "Oslo"]
[Site "Oslo"]
[Date "1992.??.??"]
[Round "6"]
[White "Gausel, Einar"]
[Black "Hellers, Ferdinand"]
[Result "1/2-1/2"]
[WhiteElo "2445"]
[BlackElo "2510"]
[Annotator "Ribli,Z"]
[PlyCount "44"]
[EventDate "1992.04.??"]
[EventType "tourn"]
[EventRounds "9"]
[EventCountry "NOR"]
[EventCategory "9"]
[SourceTitle "CBM 030"]
[Source "ChessBase"]
[SourceDate "1992.10.01"]
[SourceVersion "1"]
[SourceVersionDate "1992.10.01"]
[SourceQuality "1"]

1. Nf3 Nf6 2. c4 c5 3. Nc3 Nc6 4. g3 d5 5. cxd5 Nxd5 6. Bg2 g6 7. O-O Bg7 8.
Nxd5 Qxd5 9. d3 O-O 10. Be3 Bd7 (10... Bxb2 11. Nd4 $6 (11. Rb1 $5) 11... Qd6
12. Nxc6 Bxa1 13. Qxa1 bxc6 14. Bh6 f6 15. Bxf8 Kxf8 16. Rc1 Rb8 17. Qc3 Bg4
18. Bf1 Rb5 $13 {Reich,T-Mikhalchishin,A Kecskemet Szechenyi 1991 CBM/26 52/61}
) 11. Nd4 Qd6 12. Nxc6 Bxc6 13. Bxc6 Qxc6 14. Rc1 Qe6 15. Rxc5 Qxa2 16. b4 (16.
Rb5 Qa6 $1 17. Qb3 b6 18. Rb4 Rfc8 19. Ra4 Qb7 20. Rfa1 h5 $10 {Ehlvest,
J-Polugaevsky,L Reggio Top 16 1991 CBM/22}) 16... b6 17. Rc2 Qd5 18. Rc4 a5 $5
19. bxa5 Qxa5 (19... bxa5 20. Qa4 $14) 20. Qb3 Qa2 $1 21. Qxa2 Rxa2 22. Bxb6
Rxe2 1/2-1/2

[Event "Porz Citroen-Cup"]
[Site "Cologne"]
[Date "1992.??.??"]
[Round "4"]
[White "Vaganian, Rafael A"]
[Black "Smejkal, Jan"]
[Result "1/2-1/2"]
[WhiteElo "2615"]
[BlackElo "2525"]
[Annotator "Ribli,Z"]
[PlyCount "45"]
[EventDate "1992.08.??"]
[EventType "tourn"]
[EventRounds "9"]
[EventCountry "GER"]
[EventCategory "9"]
[SourceTitle "CBM 031"]
[Source "ChessBase"]
[SourceDate "1992.12.01"]
[SourceVersion "1"]
[SourceVersionDate "1992.12.01"]
[SourceQuality "1"]

1. Nf3 Nf6 2. c4 c5 3. g3 g6 4. Bg2 Bg7 5. d4 cxd4 6. Nxd4 O-O 7. Nc3 Nc6 8.
Nc2 d6 9. O-O {-> A 35} Qa5 10. Nd5 $6 (10. Bd2 $1 Qh5 11. e4 Qxd1 12. Raxd1
Rb8 13. b3 a6 14. h3 b5 15. cxb5 axb5 16. Nd5 Re8 17. Ncb4 Bb7 18. Nxc6 Bxc6
19. Rfe1 Nd7 20. Nb4 Ba8 21. Rc1 Nc5 22. e5 $1 $14 {Malisauskas,V-Fossan,E
Oslo 1992 CBM/30}) 10... Nxd5 11. cxd5 Ne5 12. Bd2 Qb6 13. Bc3 Bd7 14. Bd4 Qa6
15. b3 Rac8 16. Ne3 Bb5 17. Re1 {[#]} Nd3 $1 18. Bxg7 Nxe1 19. Bxf8 Nxg2 20.
Bxe7 Nxe3 21. fxe3 Bxe2 22. Qd2 Qd3 23. Qxd3 1/2-1/2

[Event "Baden-Baden-B"]
[Site "Baden-Baden"]
[Date "1992.12.15"]
[Round "10"]
[White "Brunner, Lucas"]
[Black "Ribli, Zoltan"]
[Result "1/2-1/2"]
[WhiteElo "2490"]
[BlackElo "2610"]
[Annotator "Ribli,Z"]
[PlyCount "38"]
[EventDate "1992.12.??"]
[EventType "tourn"]
[EventRounds "11"]
[EventCountry "GER"]
[EventCategory "11"]
[SourceTitle "CBM 033"]
[Source "ChessBase"]
[SourceDate "1993.04.01"]
[SourceVersion "1"]
[SourceVersionDate "1993.04.01"]
[SourceQuality "1"]

1. Nf3 Nf6 2. g3 g6 3. Bg2 Bg7 4. c4 d5 5. cxd5 Nxd5 6. Nc3 O-O 7. O-O c5 8.
Nxd5 Qxd5 9. d3 Nc6 10. Be3 Bd7 11. Nd4 Qd6 12. Nxc6 Bxc6 13. Bxc6 Qxc6 14. Rc1
Qe6 15. Rxc5 Qxa2 16. Qa1 $6 (16. b4 b6 17. Rc2 Qd5 18. Rc4 a5 19. bxa5 Qxa5
20. Qb3 Qa2 21. Qxa2 Rxa2 $10 {Gausel,E-Hellers,F Oslo 1992 CBM/30}) (16. Rb5
Qa6 $1 17. Qb3 b6 18. Rb4 Rfc8 19. Ra4 Qb7 20. Rfa1 h5 21. h4 Rc6 22. Ra6 Qd7
$10 {Ehlvest,J-Polugaevsky,L Reggio Top 16 1991 CBM/22}) 16... Qxb2 $1 17. Qxb2
Bxb2 18. Rb5 Bf6 19. Rxb7 a5 1/2-1/2

[Event "FRA-ch"]
[Site "Narbonne"]
[Date "1997.08.27"]
[Round "12"]
[White "Anic, Darko"]
[Black "Relange, Eloi"]
[Result "1-0"]
[WhiteElo "2445"]
[BlackElo "2505"]
[Annotator "Ribli,Z"]
[PlyCount "105"]
[EventDate "1997.08.15"]
[EventType "tourn"]
[EventRounds "15"]
[EventCountry "FRA"]
[EventCategory "9"]
[SourceTitle "CBM 061"]
[Source "ChessBase"]
[SourceDate "1997.11.23"]
[SourceVersion "1"]
[SourceVersionDate "1997.11.23"]
[SourceQuality "1"]

1. Nf3 Nf6 2. g3 g6 3. b3 {Eine unangenehme Nebenvariante für Schwarz. Weiß
besetzt ebenfalls die Diagonale a1-h8 mit einem Läufer.Ribli.} Bg7 (3... b6 $5
{Das führt zu symmetrischen Stellungen. Meiner Meinung nach hat Schwarz gute
Ausgleichschancen.}) 4. Bb2 d6 5. Bg2 e5 6. c4 c5 7. Nc3 O-O 8. O-O Nc6 {
Schwarz hat ein positionelles Loch auf d5 für starke Kontrolle über d4 in Kauf
genommen.} 9. e3 (9. d3 h6 (9... Ne8 10. Qd2 Nc7 11. Rad1 Rb8 12. Qc1 h6 13. e3
f5 14. Ne2 Kh7 15. Ne1 Qe7 16. Nc2 Bd7 $10 {Blatny,P-Stohl,I/Brno/1994/CBM43/})
(9... Nh5 $5 10. Nd2 f5 11. a3 (11. e3 Be6 12. Nd5 Qd7 $13 {Lechtinsky,J-Glek,
I/Bundesliga/1992/INF58,(60)/}) 11... a5 12. Nd5 Nf6 13. f4 exf4 14. gxf4 Nxd5
15. Bxd5+ Kh8 16. Bxg7+ Kxg7 17. Ra2 Qf6 18. Qa1 {Timman,J-Gelfand,B/Biel 1995/
1/2-1/2 (69)}) 10. Nd2 (10. e3 Bf5 $5 11. Qd2 (11. h3 Qd7 12. Kh2 g5 (12...
Rab8 13. Qd2 g5 14. Rad1 a6 15. d4 cxd4 16. exd4 exd4 17. Nxd4 Nxd4 18. Qxd4
Ng4+ 19. hxg4 Bxd4 20. Rxd4 Bg6 21. c5 Rbe8 22. Nd5 f6 23. Ne3 Qb5 24. cxd6 {
1-0 Speelman,J-Martin,A/Torquay ch-GB 1982 (41)}) 13. Ng1 g4 14. Ne4 Nh7 15. f4
gxh3 16. Nxh3 Bg4 17. Qd2 f5 18. Nc3 Rae8 $13 {Grigorian,K-Tukmakov,V/USSR/
1977/INF24,92/}) 11... Qd7 12. Rfe1 Bh3 13. Bh1 Rae8 14. Rad1 $6 (14. a3 b6 15.
Rab1 Nh7 16. Nd5 f5 17. b4 $13) 14... Bg4 $1 {0-1 Blatny,P-Lobron,E/Moscow olm
1994 (48)}) 10... Be6 11. Nde4 (11. Nd5 Rb8 12. a3 a5 13. e3 Nh7 14. Qc2 f5 15.
f4 Qd7 16. Bc3 Bf7 17. Rae1 Rbe8 18. b4 axb4 19. axb4 cxb4 20. Nxb4 Nxb4 21.
Bxb4 Nf6 {Hickl,J-Lutz,C/Nussloch 1996/1/2-1/2 (74)}) (11. a3 Qd7 12. Nd5 Nh7
$13 {Spraggett,K-Chiburdanidze,M/Biel/1990/CBM19/}) 11... Ne8 (11... Qd7 12.
Nxf6+ Bxf6 13. Nd5 Bg7 14. Qd2 Bh3 15. Bxh3 Qxh3 16. e3 Rae8 17. f4 Ne7 18. Nc3
exf4 19. Rxf4 Qe6 20. Re1 d5 21. Nb5 Qd7 22. Bxg7 Kxg7 23. Nxa7 Nf5 24. Nb5 d4
25. exd4 cxd4 26. Rxe8 Rxe8 27. Qf2 {1-0 Pedersen,F-Rasmussen,P/DEN-ch qual
1996 (46)}) (11... Nxe4 12. dxe4 Qd7 13. e3 Rad8 14. Qe2 Bh3 15. Rad1 Bxg2 16.
Kxg2 {1-0 Miles,A-Levy,L/American op 1989 (31)}) 12. Nd5 Ne7 (12... f5 13. Nec3
h5 14. a3 a5 15. Rb1 h4 16. Bc1 Rf7 17. Bd2 Nf6 18. Bg5 hxg3 19. fxg3 Rb8 20.
Qd2 Kh7 21. h4 {1/2-1/2 Savon,V-Iskusnyh,S/Orel 1995 (43)}) (12... Rb8 13. Nec3
a6 14. a3 b5 15. cxb5 axb5 16. b4 Qd7 17. e3 f5 18. f4 exf4 19. gxf4 Nf6 20.
Qd2 {1/2-1/2 Dizdar,G-Damljanovic,B/JUG-ch 1990 (32)}) 13. Nxe7+ Qxe7 14. Nc3
Qd7 15. Qd2 Rb8 16. Nd5 Nc7 17. f4 f5 18. fxe5 dxe5 19. e4 fxe4 20. Nxc7 Qxc7
21. Bxe4 Bf5 22. Qe3 b6 23. Rae1 Rbe8 24. Bc3 Kh7 25. Rf3 Bxe4 26. Qxe4 Rxf3
27. Qxf3 Qd6 28. Qe4 {Dizdar,G-Dochev,D/EUCup Gr1 Kranevo 1996/1-0 (67)}) 9...
Re8 (9... Bf5 10. d3 Qd7 11. Ng5 Bg4 (11... h6 12. Nge4 Ne8 13. Nd5 Bh3 14.
Bxh3 Qxh3 15. f4 Qe6 16. fxe5 Nxe5 17. Qd2 f5 18. Nec3 Rd8 19. Rae1 g5 20. Nb5
a6 21. Nbc7 Nxc7 22. Nxc7 Qd7 23. Nd5 Nc6 24. Re2 Rde8 {Schiffer,K-Sorin,A/
Groningen op 1994/0-1 (58)}) (11... Ne8 $5 12. e4 Bg4 13. f3 Be6 {Blatny,
P-Stohl,I/Prague Kottnauer 1996/0-1 (53)}) 12. f3 Bh6 13. h4 Be6 14. Kh2 d5 15.
e4 dxe4 16. dxe4 Nd4 {0-1 Blatny,P-Watson,W/BL9697 Werder-Castrop Rauxel 1997 
(47)}) 10. d3 (10. d4 cxd4 11. exd4 Bg4 12. h3 $5 Bxf3 13. Bxf3 exd4 (13... e4
14. Bg2 e3 15. f4 Qb6 16. Ne2 Ne4 17. Rc1 Nd2 18. Re1 Nxd4 19. Nxd4 Bxd4 20.
Bxd4 Qxd4 {0-1 Mitev,G-Antonov,V/Primorsko op 1987 (43)}) 14. Nb5 Ne4 15. Re1
Nc3 16. Rxe8+ Qxe8 17. Qd2 Qd7 18. Bg2 d5 {und remis in einer Partie Kiss A.-
Horvath Jo.1989 Ung.Mannschaftmeisterschaft.}) 10... h6 {Schwarz möchte mit 11.
..Be6 und 12...d6-d5 ausgleichen.} (10... Rb8 $5 {/\ a6, b5} 11. Nd2 Bg4 12. f3
Bf5 13. Nde4 a6) 11. Nd2 (11. Qd2 Be6 12. Rac1 Nh7 13. d4 Bg4 14. dxc5 dxc5 15.
Ne4 Qxd2 16. Nfxd2 Rad8 17. h3 Bc8 18. Rfd1 {1-0 Blatny,P-Trapl,J/CZE-ch 1994/
TD 94\03 (51)}) (11. Re1 Be6 12. Rc1 Qd7 13. a3 Bh3 $6 (13... b6 $10 {/\ d5})
14. Bh1 Rad8 15. Nd2 $14 {Lobron,E-Lalic,B/Solingen-Bosna/1988/INF46,68/})
11... Be6 12. Nde4 Nh7 $11 {Der schwarze Plan ist klar- er möchte 13...f5
ziehen, nebst 14...Nf6 mit kompliziertem Spiel.} (12... Nxe4 13. dxe4 (13. Nxe4
$14)) 13. Nd5 Rb8 (13... f5 14. Nec3 g5 15. a3 g4 16. f4 gxf3 17. Qxf3 Rf8 18.
Qh5 Rf7 19. b4 Rc8 20. Rf2 Qd7 21. b5 Ne7 22. b6 a6 23. Nxe7+ Qxe7 24. Nd5 Qg5
25. Qxg5 hxg5 26. Nc7 Rfxc7 27. bxc7 Rxc7 28. Bd5 {Timman,J-Adorjan,A/Wijk
1972/MCD-r7/1/2-1/2 (42)}) 14. a3 a6 (14... b5 $5) (14... Bxd5 15. cxd5 Ne7 16.
b4 b6 $11 {Der Bg2 steht aufgrund des Pd5 nicht besonders gut.}) 15. Bc3 f5 (
15... b5 $11) 16. Nd2 g5 (16... Nf6 17. b4 cxb4 18. axb4 Bxd5 19. cxd5 Ne7 20.
Qb3 $14) 17. b4 (17. f4 {Das ist ein typisches Motiv für solche Stellungen.}
exf4 18. Bxg7 Kxg7 19. gxf4 Bxd5 20. cxd5 $14) 17... g4 18. Rb1 (18. f3 h5 (
18... gxf3 19. Nxf3)) 18... Ng5 19. f4 gxf3 (19... exf4 20. Bxg7 Kxg7 21. gxf4
$14) 20. Nxf3 $14 {Die weiße Stellung ist aktiv, Schwarz hat auf beiden
Flügeln Probleme.} b5 {Das scheint mir zu aktiv. Die Stellung ist nahezu
symmetrisch, aber Schwarz hat einige Schwächen.} (20... cxb4 $5 21. axb4 b5 22.
cxb5 axb5 23. Nxg5 Qxg5 {[%csl Gd5]}) 21. Nh4 {[%csl Rf5]} Rf8 22. Qc2 Qd7 23.
Ba1 $5 {Weiß hält die Spannung aufrecht, so ist es nicht leicht für Schwarz,
seine Stellung zu verbessern.} Kh7 $6 (23... bxc4 24. dxc4 cxb4 25. axb4 $14)
24. cxb5 (24. bxc5 dxc5 (24... bxc4 25. Rxb8 Rxb8 26. dxc4 $16 {[%csl Rf5,Rh7]}
) 25. cxb5 Rxb5 26. Rxb5 axb5 27. Qxc5 $16) 24... Rxb5 (24... axb5 25. bxc5
dxc5 26. Qxc5 $16) 25. Nc3 Rbb8 26. bxc5 dxc5 (26... d5 $5 {Weiss hat zwar
einen Mehrbauern, dafür besitzt Schwarz ein starkes Zentrum.}) 27. Na4 {
[%csl Rc5]} c4 28. dxc4 {[%csl Rf5]} Rxb1 29. Rxb1 Qc7 30. Nc5 $16 {Weiß hat
nicht nur einen Bauern mehr, sondern auch die bessere Figurenstellung.} Bc8 31.
Rf1 {[%csl Rf5]} Ne7 32. Nd3 Bb7 33. Rb1 Be4 $6 (33... Bxg2 34. Qxg2 Rd8 $132)
34. Bxe4 fxe4 (34... Nxe4) 35. Nf2 {[%csl Re4,Rh7]} Qc6 36. Rd1 Kg8 $6 (36...
Rc8 37. Rc1) 37. c5 {[%cal Gc2c4,Gc4g8,Gd1d6]} Rc8 38. Qc4+ Kh7 39. Bc3 $1 {
Eine kluge Entscheidung. Weiß gibt seinen Materialvorteil zurück und erlangt
in Folge der Vereinfachungen eine überlegene Stellung.} (39. Rd6 $2 Qxd6 40.
cxd6 Rxc4 $17) 39... Qxc5 40. Qxc5 Rxc5 41. Bb4 Rc7 42. Bxe7 Rxe7 43. Nf5 {
[%csl Re4,Rg5]} Rf7 $6 (43... Rc7 44. Nxg7 (44. Kg2 Rc2 45. Rd7) 44... Kxg7 {
[%csl Gc7][%cal Gc7c2]}) 44. Nxg7 Rxg7 45. Kg2 $1 {Jetzt droht 46.h4 mit
Eroberung des Pe4.} Rb7 46. h4 Nf7 47. Nxe4 {[%csl Rf7] Weiß hat nicht nur
einen Bauern mehr, sondern auch die bessere Springerstellung. Dem schwarzen
Springer fehlt jegliche Perspektive.} Rb3 48. Rd7 Kg8 (48... Kg7 49. Nd6 $18) (
48... Kg6 49. h5+ Kf5 50. Nd2 $18) 49. Kf3 {[%csl Rf7]} Rxa3 {Es gelingt
Schwarz zwar, das materielle Gleichgewicht wiederherzustellen, aber er kann
seinen König nicht mehr schützen.} 50. g4 $18 {[%csl Rf7] Der Vormarsch des
g-Bauern entscheidet die Partie.} Ra1 (50... Kf8 51. g5 hxg5 52. hxg5 Ke8 53.
Nf6+ Kf8 54. g6 $18) 51. g5 hxg5 52. hxg5 Rg1 (52... a5 53. g6 Nh6 54. Nf6+ Kf8
55. g7# $18) 53. Kf2 {Schwarz gab auf, da er nichts gegen 54.g6 ausrichten
kann.} (53. Kf2 Rg4 54. Nf6+ $18) 1-0

[Event "Ubeda"]
[Site "Ubeda"]
[Date "1997.02.16"]
[Round "7"]
[White "Andersson, Ulf"]
[Black "Timman, Jan H"]
[Result "1/2-1/2"]
[WhiteElo "2655"]
[BlackElo "2630"]
[Annotator "Ribli,Z"]
[PlyCount "80"]
[EventDate "1997.02.07"]
[EventType "tourn"]
[EventRounds "11"]
[EventCountry "ESP"]
[EventCategory "16"]
[SourceTitle "CBM 058"]
[Source "ChessBase"]
[SourceDate "1997.06.01"]
[SourceVersion "1"]
[SourceVersionDate "1997.06.01"]
[SourceQuality "1"]

1. Nf3 Nf6 2. c4 g6 3. g3 Bg7 4. Bg2 O-O 5. O-O d5 {Es gibt hier viele
Alternativen. Mit diesem Zug will Schwarz die Situation im Zentrum klären.
Ribli.} 6. cxd5 Nxd5 7. Nc3 c5 (7... Nc6 8. Nxd5 (8. d4 {mit Übergang zur
Gruenfeld-Indischen Verteidigung.Ribli.}) 8... Qxd5 9. d3 Qb5 {und Schwarz
steht nicht schlechter.Ribli.}) 8. Nxd5 Qxd5 9. d3 (9. d4 cxd4 10. Be3 Nc6 $2 (
10... Qb5 11. Nxd4 (11. a4 $6 Qxb2 (11... Qb4 $5 $15 {Mit der Idee 12...Rd8.
Ribli.}) 12. Rb1 Qa2 13. Nxd4 Rd8 14. Qb3 Qxb3 15. Nxb3 $44 Bf5 16. Bxb7 Bxb1
17. Rxb1 Nd7 18. Na5 $14 {Kallai- Horvath,Jo 1993 Ung.Meisterschaft.}) 11...
Qxb2 $13) 11. Nxd4 $14 {Nach späterem Nxc6 hat Schwarz eine "ewige"
Bauernschwäche auf c6.Ribli.}) 9... Nc6 10. Be3 Bd7 (10... Qd6) (10... Bxb2 11.
Rb1 Bf6 12. Qa4 $44) 11. Nd4 Qd6 12. Nxc6 Bxc6 13. Bxc6 Qxc6 14. Rc1 {[%cal
Rc1c5] Immer noch alles theoretisch bekannt. Weiß möchte Druck am Damenflügel
erzeugen, indem er dort einen schwarzen Bauern isoliert und im Endspiel seine
Bauernkette vorziehen.Ribli.} Qe6 15. Rxc5 (15. b3 b6 {Mohr-Grosar/Bled/1991/
Und Schwarz hat keine Sorgen und kontrolliert sogar mehr Raum.Ribli.}) (15.
Bxc5 b6 (15... Bxb2 16. Rb1 Bf6 17. Rxb7 Qc6 18. Bxe7 Qxb7 19. Bxf6 Qa6 20. Qa1
$44 {Popov-Hulak,K/EU-chT/1977/ Schwarz hat zwar eine Qualität mehr, aber
Weiss hat dafür zwei Bauern bekommen und starke Kontrolle über die dunklen
Felder.Ribli.}) 16. Ba3 Qxa2) 15... Qxa2 16. Rb5 Qa6 {Es ist interessant, daß
Timman gegen mich diese Variante schon vor 17 Jahre gespielt hat. Damals
folgte 17.Qb3 b6 18.Qb3 Rfb8 19.Ra4 Qb7 20.Rfa1 a6 21Qa2 a5 22.Rc1 Be5 23.Re4
- und remis. Ribli - Timmann,Tilburg,1980.} (16... b6 17. Qa1 Qe6 $5 (17...
Qxa1 $2 18. Rxa1 Rfb8 19. Ra6 Kf8 20. Rb4 Be5 21. Rba4 $14 {[%csl Ra7]
Karpov-Ribli,Amsterdam,1980}) 18. Qa6 Qd7 19. Ra1 h5 20. Rb4 Rfc8 $11) 17. Qb3
b6 18. Rb4 Rfb8 (18... Rfc8 19. Ra4 Qb7 20. Rfa1 h5 $13 {Ehlvest,J-Polugaevsky,
L/Reggio Top16/}) 19. Rc4 {Die Stellung ist auch Andersson gut bekannt. 19...
Qb7 20.Rfc1 Rfc8 21.h4 h5 22.Qb5 Rxc4 23.Rxc4 a6 geschah in der alten Partie
Andersson - Smejkal,Moskau 1981.} b5 $146 20. Rc7 e6 21. Rfc1 h5 {Es ist immer
nuetzlich h7-h5 ziehen, spaeter hat Schwarz nie Sorgen wegen seiner 8.Reihe.
Ribli.} 22. Qb4 Qa4 23. Qe7 (23. Qxa4 $2 {Und der schwarze a-Bauer ist eine
reale Gefahr.Ribli.} bxa4 $15 {[%csl Rb2]}) 23... Rf8 24. b4 (24. Rxa7 Rxa7 25.
Qxa7 Bxb2 $11) 24... a5 25. bxa5 Qxa5 26. Rb7 {In solchen Stellungen stellt
sich die Frage,ob der schwarze b-Bauer stark oder schwach ist.Ribli.} Qa2 27.
Rxb5 (27. Kf1 Qd5 $36) 27... Qxe2 {[%csl Rd3] Jetzt hat Weiss eine
Bauernschwäch auf d3.Ribli.} 28. Rb3 Rad8 29. Qb7 {Weiss spielt pragmatisch
und strebt Punkteteilung an. Die Verteidigung des Bauers hat keinen Sinn.Ribli.
} Rxd3 30. Rxd3 Qxd3 31. h3 Qf5 32. Kg2 {Natuerlich steht Schwarz mit gesundem
Mehrbauer klar besser, aber in der Praxis kann man diesen Vorteil kaum
verwerten.Ribli.} Qd5+ 33. Qxd5 exd5 {Schwarz hat jetzt einen Freibauern, der
aber nah am weißen König ist. Daher lässt sich die Stellung remis halten. Mir
fällt die Partie Portisch -Gligoric,Vrnjacka Banja, ein, wo fast die gleiche
Stellung auf dem Brett war, nur ohne Läufer, diese endete ebenfalls remis.
Ribli.} 34. Rc7 Bf6 35. Rd7 Rd8 36. Rxd8+ Bxd8 {In Läuferendspielen gibt es
einen anderen Remisfaktor - mit schwarzfeldige Läufer und h-Bauern kann
Schwarz nicht gewinnen.Ribli.} 37. Kf3 Kf8 38. g4 Ke7 39. Bd4 Ke6 40. Ke3 {
Weiss hat einen klaren Rettungsplan: Der König bleibt auf d3, die Bauern auf
f3,g4,h3, und Schwarz kann nicht voran kommen.Ribli.} Bf6 {Natuerlich es ware
moeglich fuer schwarz weiterspielen,aber jedermann ist sicher,das der
Endspielspezialist Andersson rettet die Stellung.Ribli.} 1/2-1/2

[Event "Oslo"]
[Site "Oslo"]
[Date "1992.??.??"]
[Round "3"]
[White "Malisauskas, Vidmantas"]
[Black "Fossan, Erik"]
[Result "1-0"]
[WhiteElo "2490"]
[BlackElo "2315"]
[Annotator "Ribli,Z"]
[PlyCount "81"]
[EventDate "1992.04.??"]
[EventType "tourn"]
[EventRounds "9"]
[EventCountry "NOR"]
[EventCategory "9"]
[SourceTitle "CBM 030"]
[Source "ChessBase"]
[SourceDate "1992.10.01"]
[SourceVersion "1"]
[SourceVersionDate "1992.10.01"]
[SourceQuality "1"]

1. Nf3 c5 2. c4 Nf6 3. g3 g6 4. Bg2 Bg7 5. Nc3 Nc6 6. d4 cxd4 7. Nxd4 O-O 8.
O-O d6 9. Nc2 (9. Nxc6 $1 bxc6 10. Bxc6 Rb8 11. Bg2 Qa5 12. Nb5 Bb7 13. Bxb7
Rxb7 14. Bd2 Qa6 15. Bc3 Rc8 16. a4 Rxc4 17. b3 Rc8 18. Rc1 $14 {Yusupov,
A-Wegner Hamburg SKA 1991 CBM/24 52/588}) 9... Qa5 10. Bd2 $5 (10. Qd2 Qh5 11.
Qg5 Qxg5 12. Bxg5 h6 13. Bd2 Be6 14. b3 Rfc8 $10 {Konopka,M-Danek,L Brno/
Morava-D 1991 EXP/24}) 10... Qh5 11. e4 $1 Qxd1 12. Raxd1 (12. Rfxd1 $5) 12...
Rb8 13. b3 a6 14. h3 b5 15. cxb5 axb5 16. Nd5 Re8 (16... Nxd5 17. exd5 Nd4 18.
Nb4 Bf5 19. Rfe1 $1 Rfe8 20. g4 $16) 17. Ndb4 Bb7 18. Nxc6 Bxc6 19. Rfe1 Nd7
20. Nb4 Ba8 21. Rc1 Nc5 $6 (21... Rec8 $5) 22. e5 $1 $14 Bxg2 23. Kxg2 Rbc8 24.
exd6 exd6 25. Rxe8+ Rxe8 26. Be3 Ra8 27. Nd5 (27. Bxc5 $5 dxc5 28. Rxc5 Bf8 29.
Rxb5 Bxb4 30. Rxb4 Rxa2 $14) 27... h5 (27... Rxa2 28. b4 Ne6 29. Rc8+ Nf8 30.
Rb8 $14) 28. b4 Nd3 29. Rc6 Ra4 30. a3 Rxa3 31. Rxd6 Ne5 32. Rb6 Nc4 33. Rb8+
Kh7 34. Bc5 Ra2 35. Rxb5 Ne5 36. Rb7 Kg8 37. b5 Nd3 38. Be3 Bf8 39. Rb8 Kg7 40.
Bd4+ f6 41. Rb7+ 1-0

[Event "Budapest FS02 GM"]
[Site "Budapest"]
[Date "1994.??.??"]
[Round "5"]
[White "Loginov, Valery A"]
[Black "Wells, Peter K"]
[Result "0-1"]
[WhiteElo "2540"]
[BlackElo "2490"]
[Annotator "Ribli,Z"]
[PlyCount "70"]
[EventDate "1994.02.??"]
[EventType "tourn"]
[EventRounds "13"]
[EventCountry "HUN"]
[EventCategory "9"]
[SourceTitle "CBM 040"]
[Source "ChessBase"]
[SourceDate "1994.06.01"]
[SourceVersion "1"]
[SourceVersionDate "1994.06.01"]
[SourceQuality "1"]

1. Nf3 c5 2. g3 Nc6 3. c4 g6 4. Bg2 Bg7 5. Nc3 Nf6 6. d4 cxd4 7. Nxd4 O-O 8.
O-O d6 9. Nc2 (9. Nxc6 $5) 9... Be6 (9... Qa5 10. Bd2 $1 {Malisauskas,V-Fossan,
E/Oslo/1992/CBM30/}) 10. b3 Qd7 11. Rb1 $6 (11. Bb2 $5 {Mastroukoukos,
G-Kotronias,V/Komotini/1992/INF55,(53)/}) 11... Bh3 12. e4 (12. Bb2 $5 {
Khasin,Al-Utemov,V/Gorky/1989/CBM16/}) 12... a6 $5 13. Qe2 Bxg2 14. Kxg2 b5 15.
cxb5 axb5 16. Qxb5 Rfc8 17. Bd2 (17. Qe2 $5) 17... Ra5 18. Qe2 Rh5 19. f3 d5
20. exd5 (20. g4 Re5 21. f4 d4 $1 22. fxe5 d3 $1 $44) 20... Nxd5 21. Nxd5 Rxd5
22. Be3 Ne5 23. Rbd1 (23. Nb4 $5) 23... Nd3 24. Bg1 (24. Nd4 Nb4 $44) 24... Bh6
25. Nd4 $6 (25. Ne3 $5 Bxe3 26. Bxe3 e5 27. Rd2 f5 28. Rfd1 e4 29. Bh6 Re8 $14)
25... Nc1 26. Qa6 (26. Qe1 e5 27. Ne2 Rxd1 28. Qxd1 Qxd1 29. Rxd1 Nxe2 $19)
26... e5 27. Ne2 (27. Nf5 Rc2+ $19) 27... Rc6 $1 28. Qa8+ Kg7 29. Bd4 (29. Nxc1
Rc2+ $19) (29. Rxc1 Bxc1 30. Rxc1 Rxc1 31. Nxc1 Rd2+ 32. Bf2 Qd4 $19) 29...
Nxe2 (29... exd4 $1 30. Nxc1 Rc2+ $1 31. Kh1 Qh3 $19) 30. Bxe5+ f6 31. Rxd5
Qxd5 32. Qb7+ Kg8 33. Bxf6 Nf4+ $1 34. Kh1 (34. gxf4 Rc2+ $19) (34. Kg1 Rxf6
$19) 34... Qxf3+ $1 35. Kg1 Nh3# 0-1